|
|
|
|
| LEADER |
00000cam a2200000 7i4500 |
| 001 |
0000002653 |
| 005 |
20030917.0 |
| 020 |
0 |
0 |
|a 0816039739
|
| 090 |
0 |
0 |
|a R577.34
|b NEW 2002
|
| 100 |
1 |
0 |
|a NEWMAN
|h Arnold
|c 1941-
|
| 245 |
1 |
0 |
|a Tropical rainforest :
|b our most valuable and endangered habitat with a blueprint for its survival into the third millennium
|c Arnold Newman ; foreword by His Holiness, the Dalai Lama ; introduction by Jane Goodall ; prologue by Robert Redford
|
| 250 |
0 |
0 |
|a Rev. ed.
|
| 260 |
0 |
0 |
|a New York, NY :
|b Checkmark Books ,
|c 2002
|
| 300 |
|
|
|a xi, 260 p. :
|b ill. (some col.), col. maps ;
|c 32 cm.
|
| 500 |
0 |
0 |
|a Includes bibliographical references (p. 242-246)
|
| 650 |
0 |
0 |
|a Rain forest ecology
|
| 650 |
0 |
0 |
|a Rain forests
|
| 998 |
|
|
|a JPSM
|
| 999 |
|
|
|a 0000005060
|b Monograph
|c Reference
|e Default branch
|